000 01548nam a2200385 a 4500
001 ebr10234976
003 CaPaEBR
006 m u
007 cr cn|||||||||
008 060818s2006 ne sb 001 0 eng d
010 _z 2006049206
020 _z900415311X (hdbk. : alk. paper)
020 _z9789004153110
020 _z9789047410621
040 _aCaPaEBR
_cCaPaEBR
035 _a(OCoLC)290586709
043 _ae-it---
050 1 4 _aDG533
_b.S52 2006eb
082 0 4 _a320.945/5809024
_222
100 1 _aShaw, Christine
_c(Italian Renaissance historian)
245 1 0 _aPopular government and oligarchy in Renaissance Italy
_h[electronic resource] /
_cby Christine Shaw.
260 _aLeiden ;
_aBoston :
_bBrill,
_c2006.
300 _axiv, 332 p.
490 1 _aThe medieval Mediterranean,
_x0928-5520 ;
_vv. 66
504 _aIncludes bibliographical references (p. [313]-323) and index.
533 _aElectronic reproduction.
_bPalo Alto, Calif. :
_cebrary,
_d2013.
_nAvailable via World Wide Web.
_nAccess may be limited to ebrary affiliated libraries.
650 0 _aLocal government
_zItaly
_xHistory.
650 0 _aOligarchy
_zItaly
_xHistory.
651 0 _aItaly
_xPolitics and government
_y1268-1559.
651 0 _aSiena (Italy)
_xPolitics and government
_y1355-1557.
655 7 _aElectronic books.
_2local
710 2 _aebrary, Inc.
830 0 _aMedieval Mediterranean ;
_vv. 66.
856 4 0 _uhttp://site.ebrary.com/lib/rucke/Doc?id=10234976
_zAn electronic book accessible through the World Wide Web; click to view
999 _c38625
_d38625